កូនដំរីលឿងរបស់ម៉ាក់ / (Record no. 1616)

MARC details
000 -LEADER
fixed length control field 01938nam a22003017a 4500
001 - CONTROL NUMBER
control field 1616
003 - CONTROL NUMBER IDENTIFIER
control field FISKH
005 - DATE AND TIME OF LATEST TRANSACTION
control field 20250530115100.0
008 - FIXED-LENGTH DATA ELEMENTS--GENERAL INFORMATION
fixed length control field 230911b cb ||||| |||| 00| 0 khr d
020 ## - INTERNATIONAL STANDARD BOOK NUMBER
International Standard Book Number 9789996305450
040 ## - CATALOGING SOURCE
Original cataloging agency FISKH
Language of cataloging eng
Transcribing agency FISKH
Modifying agency FISKH
082 ## - DEWEY DECIMAL CLASSIFICATION NUMBER
Classification number 599.67
100 ## - MAIN ENTRY--PERSONAL NAME
Personal name Sueyoshi, Akiko
245 ## - TITLE STATEMENT
Title កូនដំរីលឿងរបស់ម៉ាក់ /
Statement of responsibility, etc. និពន្ធដោយ អាគិកុ ស៊ូអិយ៉ូស៊ី - រូបគំនូរដោយ យុ - បកប្រែពីភាសាជប៉ុនដោយ ទា ស៊ាងហួង
250 ## - EDITION STATEMENT
Edition statement បោះពុម្ពលើកទី ៤ ខែកក្កដា ឆ្នាំ ២០២១
260 ## - PUBLICATION, DISTRIBUTION, ETC.
Place of publication, distribution, etc. Tokyo :
Name of publisher, distributor, etc. Sipar,
Date of publication, distribution, etc. 2010.
300 ## - PHYSICAL DESCRIPTION
Extent 152 pages :
Other physical details illustrations ;
Dimensions 19 cm
490 ## - SERIES STATEMENT
Series statement អក្សសិល្ប៍យុវវ័យ
505 ## - FORMATTED CONTENTS NOTE
Formatted contents note Z'<br/>
520 ## - SUMMARY, ETC.
Summary, etc. ឃើញតាមក្រសែភ្នែករបស់ក្មេងប្រុសអាយុ ១១ឆ្នាំម្នាក់ នេះជារឿងដ៏កំប្លុកកំប្លែងរបស់នារីដែលទើបនឹងលែងលះគ្នា ដែលមើលថែកូនទាំងពីររបស់នាង។ រឿងដ៏ពេញនិយមនេះក៏ត្រូវបានកែសម្រួលសម្រាប់ទូរទស្សន៍ជប៉ុនផងដែរ។
520 ## - SUMMARY, ETC.
Summary, etc. Seen through the eyes of an eleven-year-old boy, this is a humorous story of a recently divorced woman looking after her two children. This popular story has also been adapted for Japanese television.
521 8# - TARGET AUDIENCE NOTE
Target audience note 920<br/>
Source Lexile estimate<br/>
521 8# - TARGET AUDIENCE NOTE
Target audience note Z'<br/>
Source Raz-Plus<br/>
650 ## - SUBJECT ADDED ENTRY--TOPICAL TERM
Topical term or geographic name entry element ធ្វេសប្រហែស
Form subdivision ឡាន
General subdivision លេងលះ
650 ## - SUBJECT ADDED ENTRY--TOPICAL TERM
Topical term or geographic name entry element Careless
Form subdivision Car
General subdivision Divorce
700 ## - ADDED ENTRY--PERSONAL NAME
Personal name Yu
Relator term illustrator
942 ## - ADDED ENTRY ELEMENTS (KOHA)
Source of classification or shelving scheme Dewey Decimal Classification
Koha item type Khmer Books
Suppress in OPAC No
Holdings
Withdrawn status Lost status Source of classification or shelving scheme Damaged status Not for loan Collection Home library Current library Shelving location Date acquired Total Checkouts Full call number Barcode Date last seen Copy number Price effective from Koha item type Date last checked out
    Dewey Decimal Classification     Khmer Language Books / សៀវភៅភាសាខ្មែរ Footprints International School Library Network Toul Kork Campus Footprints International School Library Network Toul Kork Campus TK Campus, Room B402, Khmer Book Case 16, Shelves 112-123 / ទូរសៀវភៅខ្មែរលេខ ១៦​ ធ្នើរ ១១២ ដល់ ១២៣ បន្ទប់ B402 សាខាទួលគោក 09/11/2023   SUE 599.67 2023-0562 09/11/2023 1 09/11/2023 Khmer Books  
    Dewey Decimal Classification     Khmer Language Books / សៀវភៅភាសាខ្មែរ Footprints International School Library Network Toul Kork Campus Footprints International School Library Network Toul Kork Campus TK Campus, Room B402, Khmer Book Case 16, Shelves 112-123 / ទូរសៀវភៅខ្មែរលេខ ១៦​ ធ្នើរ ១១២ ដល់ ១២៣ បន្ទប់ B402 សាខាទួលគោក 09/11/2023   SUE 599.67 2023-0563 09/11/2023 2 09/11/2023 Khmer Books  
    Dewey Decimal Classification     Khmer Language Books / សៀវភៅភាសាខ្មែរ Footprints International School Library Network Toul Kork Campus Footprints International School Library Network Toul Kork Campus TK Campus, Room B402, Khmer Book Case 16, Shelves 112-123 / ទូរសៀវភៅខ្មែរលេខ ១៦​ ធ្នើរ ១១២ ដល់ ១២៣ បន្ទប់ B402 សាខាទួលគោក 09/11/2023   SUE 599.67 FISTK05098 10/10/2023 3 09/11/2023 Khmer Books  
    Dewey Decimal Classification     Khmer Language Books / សៀវភៅភាសាខ្មែរ Footprints International School Library Network Toul Kork Campus Footprints International School Library Network Toul Kork Campus TTP Secondary Khmer Bookshelves 09/11/2023 1 SUE 599.67 FIS01547 03/11/2025 5 09/11/2023 Khmer Books 03/11/2025
    Dewey Decimal Classification     Khmer Language Books / សៀវភៅភាសាខ្មែរ Footprints International School Library Network Toul Tom Poung Campus Footprints International School Library Network Toul Kork Campus TTP Secondary Khmer Bookshelves 09/11/2023 1 SUE 599.67 FIS03139 03/11/2025 8 09/11/2023 Khmer Books 03/11/2025
    Dewey Decimal Classification     Khmer Language Books / សៀវភៅភាសាខ្មែរ Footprints International School Library Network Toul Tom Poung Campus Footprints International School Library Network Toul Tom Poung Campus TTP Primary Khmer Bookshelves 09/11/2023 2 SUE 599.67 FIS05165 09/30/2025 4 09/11/2023 Khmer Books 07/15/2025
    Dewey Decimal Classification     Khmer Language Books / សៀវភៅភាសាខ្មែរ Footprints International School Library Network Toul Tom Poung Campus Footprints International School Library Network Toul Tom Poung Campus TTP Primary Khmer Bookshelves 09/11/2023 1 SUE 599.67 FIS05245 03/11/2025 6 09/11/2023 Khmer Books 03/11/2025
    Dewey Decimal Classification     Khmer Language Books / សៀវភៅភាសាខ្មែរ Footprints International School Library Network Toul Tom Poung Campus Footprints International School Library Network Toul Tom Poung Campus TTP Secondary Khmer Bookshelves 09/11/2023   SUE 599.67 FIS05246 09/20/2024 7 09/11/2023 Khmer Books